000
00334nam a2200133Ia 4500
008
240624s9999 xx 000 0 und d
041
_a
eng
082
_a
658.408 KUM
100
_a
KUMAR T N SATHEESH
245
_a
CORPORATE GOVERNANCE
260
_c
2010
_a
New Delhi
_b
Oxford
300
_a
xiv, : 569 : p. : cm. ; 26
365
_c
RS
_b
31
999
_c
24876
_d
24876